000 00414nam a2200145Ia 4500
008 220217s9999||||xx |||||||||||||| ||und||
020 _a978-81-203-2110-6
082 _a620 SHU
100 _aShuler, Michael, L. and Kargi, Fikret
_95549
245 0 _aBioprocess engineering basic concepts
250 _a2nd
260 _aPrentice hall of india
_bNew Delhi
_c2008
300 _b325
650 _aENGINEERING
999 _c176563
_d176563